|
|
|
|
| LEADER |
00000cam a2200000 a 4500 |
| 001 |
vtls001065198 |
| 003 |
SK-MaSNL |
| 005 |
20260301061848.0 |
| 008 |
250916s1991 xo dl frnp 000 0 slo |
| 015 |
|
|
|a SNBA1991/02
|
| 020 |
|
|
|a 8022502618
|q (brožované)
|
| 035 |
|
|
|a SNK000008028
|
| 035 |
|
|
|a urn:nbn:sk:snk-amlr0o
|
| 035 |
|
|
|a urn:nbn:sk:snk-am00c17j
|
| 035 |
|
|
|a 7C1BCBE0-A812-4EDC-83D9-500A8CD49EA5
|
| 040 |
|
|
|a SNK
|b slo
|c SNK
|e AACR2
|
| 041 |
0 |
|
|a slo
|
| 044 |
|
|
|a xo
|c SK
|
| 072 |
|
7 |
|a 63
|x Poľnohospodárstvo a príbuzné oblasti vedy a techniky
|2 konspekt
|
| 072 |
|
7 |
|a 37.016
|x Učebné osnovy. Vyučovacie predmety. Učebnice
|2 konspekt
|
| 072 |
|
7 |
|a 005
|x Manažment. Riadenie
|2 konspekt
|
| 080 |
|
|
|a 633/637
|2 2001
|
| 080 |
|
|
|a 663/664:334.716
|2 2011
|
| 080 |
|
|
|a 658.8
|2 2011
|
| 080 |
|
|
|a (075.8)
|2 2011
|
| 080 |
|
|
|a 005
|2 2011
|
| 080 |
|
|
|a 631.11
|2 2011
|
| 245 |
0 |
0 |
|a Vybrané problémy manažmentu a marketingu v agropotravinárskych podnikoch
|c F. Hutník a kolektív
|
| 250 |
|
|
|a 1. vyd.
|
| 260 |
|
|
|a V Bratislave
|b Vysoká škola ekonomická
|c 1991
|
| 300 |
|
|
|a 171 strán
|b grafy, tabuľky
|c 30 cm
|
| 366 |
|
|
|e 150 kusov
|
| 490 |
1 |
|
|a Vysokoškolské skriptá
|
| 500 |
|
|
|a Vydala Vysoká škola ekonomická v Bratislave, Fakulta ekonomiky a riadenia výrobných odvetví
|
| 500 |
|
|
|a Na rube titulnej strany nesprávne uvedené meno L. Szabo. Správny názov: Ľ. Szabo
|
| 500 |
|
|
|a Obsahuje 7 kapitol
|
| 500 |
|
|
|a Vydal rektorát Vysokej školy ekonomickej v Bratislave
|
| 504 |
|
|
|a Obsahuje bibliografické odkazy. Bibliografia na strane 170-171
|
| 650 |
0 |
7 |
|a agropotravinárstvo
|2 SNKPH
|9 677
|
| 650 |
0 |
7 |
|a marketing
|2 SNKPH
|9 2299
|
| 650 |
0 |
7 |
|a manažment
|2 SNKPH
|9 922
|
| 650 |
0 |
7 |
|a potravinárske podniky
|2 SNKPH
|9 69687
|
| 650 |
0 |
7 |
|a poľnohospodárske podniky
|2 SNKPH
|9 4194
|
| 655 |
|
7 |
|a učebnice vysokých škôl
|2 SNKPH
|9 70191
|
| 700 |
1 |
|
|a Grznár, Miroslav,
|d 1935-
|4 aut
|9 89764
|
| 700 |
1 |
|
|a Tršťanská, Alena,
|d 1939-
|4 aut
|9 40706
|
| 700 |
1 |
|
|a Szabo, Ľuboslav,
|d 1947-
|4 aut
|9 208204
|
| 700 |
1 |
|
|a Šúbertová, Elena,
|d 1954-2018
|4 aut
|9 198145
|
| 700 |
1 |
|
|a Brhel, Jozef,
|d 1961-
|4 aut
|9 107131
|
| 700 |
1 |
|
|a Hutník, Felix,
|d 1928-2010
|4 aut
|9 39497
|
| 710 |
2 |
|
|a Vysoká škola ekonomická v Bratislave.
|b Fakulta ekonomiky a riadenia výrobných odvetví
|4 pbl
|9 123023
|
| 710 |
2 |
|
|a Vysoká škola ekonomická v Bratislave.
|b Rektorát
|4 pbl
|9 178980
|
| 740 |
0 |
2 |
|a Strategický manažment v agropotravinárstve
|
| 740 |
0 |
2 |
|a Zmeny podnikových štruktúr na príklade diferenciácie manažmentu
|
| 740 |
0 |
2 |
|a Informácie a počítačová podpora manažmentu
|
| 740 |
0 |
2 |
|a Zdroje a technika manažmentu
|
| 740 |
0 |
2 |
|a Podnikanie a ekológia v agropotravinárstve
|
| 740 |
0 |
2 |
|a Marketing v agropotravinárstve
|
| 740 |
0 |
2 |
|a Teória manažmentu a vymedzenie agropotravinárskeho manažmentu
|
| 752 |
|
|
|a Slovensko
|d Bratislava
|
| 810 |
2 |
|
|a Vysoká škola ekonomická v Bratislave.
|b Fakulta ekonomiky a riadenia výrobných odvetví
|t Vysokoškolské skriptá
|9 166962
|
| 852 |
|
|
|a Slovenská národná knižnica
|
| 919 |
|
|
|a 80-225-0261-8
|
| 954 |
|
|
|a odborná, vedecká literatúra pôvodná (slovenská)
|2 lita
|
| 958 |
|
|
|a EUIPO
|
| 958 |
|
|
|a RK
|
| 958 |
|
|
|a TL
|
| 958 |
|
|
|a NB
|
| 958 |
|
|
|a OND
|
| 958 |
|
|
|a UV
|
| 999 |
|
|
|c 618569
|d 620499
|
| 952 |
|
|
|a SNK
|b SNK
|y VYP
|7 0
|p 17A0149812
|o snkSB 48170 D1
|0 0
|1 0
|4 0
|d 1998-07-13
|l 0
|r 2004-12-31 00:00:00
|w 2026-02-23
|
| 952 |
|
|
|a SNK
|b SNK
|y PREZ
|7 0
|p 17A0874218
|o snkSB 48170
|i snkKSP 4444/91
|0 0
|1 0
|4 0
|d 2012-07-10
|f 1
|l 0
|r 2025-02-18 00:00:00
|w 2026-02-23
|